000 01046nam a2200253 a 4500
001 13201
003 BD-JhCC
005 20230723081922.0
008 230612b20222021bg a|||| ||a| 000 0 ben d
035 _a(BD-JhCC)13201
040 _aBD-JhCC
_dBD-JhCC
041 _aBengali
082 _a297.63
_bMOH 2022
245 _aমহানবী (সা)-এর সাথে ৩৬৫ দিন :
_bরাসুল (সা)-এর জীবনের স্মরণীয় ঘটনা /
_cঅনু ও সম্পা: ড. ইকবাল কবীর মোহন,মুহাম্মদ ‍সিরাজুল ইসলাম।
260 _aঢাকা :
_bশিশু কানন;
_c২০২২.
300 _a৪১৫ পৃ. :
_bill;
_c26 cm.
650 _aIslamic stories
650 _aChildren stories(islam)
650 _aJuvenile Literature
700 _aমোহন, ড. ইকবাল কবীর
700 _aইসলাম,মুহাম্মদ ‍সিরাজুল
942 _2ddc
_cBK
999 _c13201
_d13201